Statistics for Best to worst NFL 2019 first round picks

Click here to take the quiz!

General Stats

  • This quiz has been taken 7 times
  • The average score is 7 of 32

Answer Stats

RankPickPlayer% Correct
2.1Kyler Murray
100%
24.6Daniel Jones
57%
12.11Jonah Williams
57%
1.2Nick Bosa
57%
10.3Quinnen Williams
57%
6.5Devin White
43%
26.15Dwayne Haskins
43%
19.25Marquise Brown
43%
28.30Deandre Baker
29%
20.17Dexter Lawrence
29%
15.7Josh Allen
29%
7.26Montez Sweat
29%
11.12Rashan Gary
29%
3.16Brian Burns
14%
25.4Clelin Ferrell
14%
16.10Devin Bush
14%
17.27Johnathan Abram
14%
5.24Josh Jacobs
14%
27.29L.J. Collier
14%
29.32N'Keal Harry
14%
18.20Noah Fant
14%
9.8T.J. Hockenson
14%
31.21Andre Dillard
0%
14.14Chris Lindstrom
0%
13.13Christian Wilkins
0%
4.21Darnell Savage
0%
21.9Ed Oliver
0%
23.18Garrett Bradbury
0%
8.19Jeffery Simmons
0%
32.28Jerry Tillery
0%
30.31Kaleb McGary
0%
22.23Tytus Howard
0%

Score Distribution

Percentile by Number Answered

Percent of People with Each Score

Your Score History

You have not taken this quiz